| 000 | 01080nam a22003137a 4500 | ||
|---|---|---|---|
| 005 | 20240530110411.0 | ||
| 008 | 150215s2010 ua o a | 000 0 ara d | ||
| 017 |
_a2009/19174 _bمصر . دار الكتب المصرية |
||
| 020 | _a9771410326 | ||
| 040 | _aEG-CaGPL | ||
| 041 | 0 | _aara | |
| 082 | 0 | 4 |
_221 _a932 _bط/ز ج |
| 100 | 0 | _aزاهى حواس | |
| 245 | 1 | 0 |
_aجنون اسمة الفراعنة / _cزاهى حواس |
| 260 |
_aالقاهرة : _bنهضة مصر للطباعة و النشر و التوزيع ، _c2010 |
||
| 300 |
_a279 ص : _bصور ؛ _c32 سم |
||
| 650 | 0 | 4 | _aلعنة الفراعنة |
| 650 | 0 | 4 | _aعجائب الدنيا السبعة |
| 650 | 0 | 4 | _aتوت عنخ امون |
| 650 | 0 | 4 |
_aالاقصر _xاثار |
| 650 | 0 | 4 | _aحتشبسوت |
| 650 | 0 | 4 | _aوادى الملوك |
| 650 | 0 | 4 | _aالحضارة الفرعونية |
| 650 | 0 | 4 | _aالاثار الفرعونية |
| 650 | 0 | 4 |
_aمصر القديمة _xتاريخ |
| 650 | 0 | 4 | _aالزئبق الاحمر |
| 942 |
_2ddc _cBK |
||
| 999 |
_c60452 _d60452 |
||